[Event "Deutsche Ländermeisterschaft 2018"]
[Site "Würzburg GER"]
[Date "2018.10.03"]
[Round "1"]
[White "Svane, Frederik"]
[Black "Evering, Sören"]
[Result "1-0"]
[Termination "normal"]
[Board "4.3"]
[WhiteElo "2287"]
[BlackElo "1793"]
[WhiteClock "00:36:44"]
[BlackClock "00:28:56"]
[WhiteTeam "Schleswig-Holstein"]
[BlackTeam "SG Bremen / Niedersachsen"]
[PlyCount "85"]
[WhiteFideId "12923044"]
[BlackFideId "12974650"]
[EventCountry "GER"]
[EventRounds "7"]
[EventType "team-swiss"]
[EventDate "2018.10.02"]

1. e4 {[%clk 1:30:55]} e5 {[%clk 1:30:32]} 2. Nf3 {[%clk 1:31:17]} Nc6 {[%clk
1:30:41]} 3. Bb5 {[%clk 1:31:38]} a6 {[%clk 1:30:41]} 4. Ba4 {[%clk 1:31:56]}
Nf6 {[%clk 1:30:26]} 5. O-O {[%clk 1:32:15]} Be7 {[%clk 1:30:20]} 6. d3 {[%clk
1:32:37]} b5 {[%clk 1:29:24]} 7. Bb3 {[%clk 1:32:57]} d6 {[%clk 1:29:18]} 8. a3
{[%clk 1:33:18]} O-O {[%clk 1:24:27]} 9. Nc3 {[%clk 1:33:26]} Na5 {[%clk
1:16:40]} 10. Ba2 {[%clk 1:33:37]} c5 {[%clk 1:15:21]} 11. b4 {[%clk 1:25:42]}
Nc6 {[%clk 1:07:11]} 12. Nd5 {[%clk 1:23:49]} Bb7 {[%clk 0:58:32]} 13. c3
{[%clk 1:23:08]} Rc8 {[%clk 0:53:22]} 14. Be3 {[%clk 1:16:19]} Nb8 {[%clk
0:47:44]} 15. Nxe7+ {[%clk 0:32:41]} Qxe7 {[%clk 0:48:01]} 16. Nh4 {[%clk
0:32:41]} c4 {[%clk 0:33:25]} 17. Nf5 {[%clk 0:32:50]} Qe6 {[%clk 0:31:05]} 18.
dxc4 {[%clk 0:22:37]} Nxe4 {[%clk 0:21:32]} 19. Qg4 {[%clk 0:23:01]} g6 {[%clk
0:20:57]} 20. Nh6+ {[%clk 0:23:27]} Kh8 {[%clk 0:19:16]} 21. Qxe6 {[%clk
0:23:48]} fxe6 {[%clk 0:19:30]} 22. cxb5 {[%clk 0:24:06]} axb5 {[%clk 0:19:24]}
23. Bxe6 {[%clk 0:24:17]} Rc7 {[%clk 0:18:30]} 24. f4 {[%clk 0:14:34]} Nc6
{[%clk 0:14:05]} 25. fxe5 {[%clk 0:14:50]} Rxf1+ {[%clk 0:13:49]} 26. Rxf1
{[%clk 0:15:16]} Nxe5 {[%clk 0:14:09]} 27. Nf7+ {[%clk 0:08:37]} Nxf7 {[%clk
0:14:23]} 28. Rxf7 {[%clk 0:09:04]} Rxf7 {[%clk 0:14:25]} 29. Bxf7 {[%clk
0:09:31]} Kg7 {[%clk 0:14:45]} 30. Bb3 {[%clk 0:09:54]} d5 {[%clk 0:13:06]} 31.
a4 {[%clk 0:09:22]} bxa4 {[%clk 0:13:24]} 32. Bxa4 {[%clk 0:09:48]} Kf7 {[%clk
0:13:15]} 33. Bd4 {[%clk 0:10:07]} Ke6 {[%clk 0:11:00]} 34. Bb5 {[%clk
0:08:59]} Nd6 {[%clk 0:10:00]} 35. Bd3 {[%clk 0:09:27]} Bc6 {[%clk 0:08:30]}
36. Kf2 {[%clk 0:09:35]} Nb5 {[%clk 0:04:22]} 37. Ke3 {[%clk 0:09:37]} Nd6
{[%clk 0:03:48]} 38. Kf4 {[%clk 0:09:53]} Bd7 {[%clk 0:02:47]} 39. h4 {[%clk
0:08:30]} Nf7 {[%clk 0:01:59]} 40. Be2 {[%clk 0:05:15]} h5 {[%clk 0:00:43]} 41.
Bd3 {[%clk 0:05:39]} Nd6 {[%clk 0:29:35]} 42. Bxg6 {[%clk 0:36:30]} Nc4 {[%clk
0:28:56]} 43. Bxh5 {[%clk 0:36:44]} 1-0

[Event "Deutsche Ländermeisterschaft 2018"]
[Site "Würzburg GER"]
[Date "2018.10.03"]
[Round "1"]
[White "Mönster, Madita"]
[Black "Kopylov, Daniel"]
[Result "0-1"]
[Termination "normal"]
[Board "4.4"]
[WhiteElo "1857"]
[BlackElo "2192"]
[WhiteClock "00:01:24"]
[BlackClock "00:01:02"]
[WhiteTeam "SG Bremen / Niedersachsen"]
[BlackTeam "Schleswig-Holstein"]
[PlyCount "78"]
[WhiteFideId "12947156"]
[BlackFideId "12921971"]
[EventCountry "GER"]
[EventRounds "7"]
[EventType "team-swiss"]
[EventDate "2018.10.02"]

1. e4 {[%clk 1:30:56]} c5 {[%clk 1:29:54]} 2. Nf3 {[%clk 1:31:05]} d6 {[%clk
1:30:05]} 3. d4 {[%clk 1:31:21]} cxd4 {[%clk 1:30:14]} 4. Nxd4 {[%clk 1:31:36]}
Nf6 {[%clk 1:30:20]} 5. Nc3 {[%clk 1:31:48]} Nc6 {[%clk 1:30:36]} 6. Bg5 {[%clk
1:31:48]} e6 {[%clk 1:30:42]} 7. Qd2 {[%clk 1:31:19]} Be7 {[%clk 1:31:03]} 8.
O-O-O {[%clk 1:31:00]} Nxd4 {[%clk 1:31:07]} 9. Qxd4 {[%clk 1:31:08]} O-O
{[%clk 1:31:20]} 10. f4 {[%clk 1:30:41]} Qa5 {[%clk 1:31:26]} 11. Bc4 {[%clk
1:29:49]} Bd7 {[%clk 1:27:20]} 12. Kb1 {[%clk 1:26:29]} Bc6 {[%clk 1:24:13]}
13. Rde1 {[%clk 1:12:28]} h6 {[%clk 1:14:29]} 14. Bh4 {[%clk 1:10:26]} Rfd8
{[%clk 1:11:30]} 15. Bb3 {[%clk 1:00:41]} Qc7 {[%clk 1:04:05]} 16. Bf2 {[%clk
0:39:55]} b5 {[%clk 1:03:28]} 17. f5 {[%clk 0:37:07]} e5 {[%clk 0:59:03]} 18.
Qd3 {[%clk 0:37:09]} Qb7 {[%clk 0:47:45]} 19. Rhg1 {[%clk 0:33:32]} a5 {[%clk
0:23:45]} 20. Nd5 {[%clk 0:31:45]} a4 {[%clk 0:22:14]} 21. Nxf6+ {[%clk
0:26:56]} Bxf6 {[%clk 0:22:30]} 22. Bd5 {[%clk 0:27:17]} b4 {[%clk 0:17:47]}
23. Rd1 {[%clk 0:23:29]} Ra5 {[%clk 0:17:01]} 24. g4 {[%clk 0:20:43]} Rc8
{[%clk 0:11:39]} 25. h4 {[%clk 0:19:20]} Bxd5 {[%clk 0:09:11]} 26. exd5 {[%clk
0:19:44]} e4 {[%clk 0:08:02]} 27. Qxe4 {[%clk 0:15:25]} b3 {[%clk 0:08:05]} 28.
cxb3 {[%clk 0:07:42]} axb3 {[%clk 0:05:29]} 29. a3 {[%clk 0:06:32]} Qb5 {[%clk
0:03:03]} 30. Rc1 {[%clk 0:04:33]} Re8 {[%clk 0:02:46]} 31. Qc4 {[%clk
0:02:56]} Qxc4 {[%clk 0:00:35]} 32. Rxc4 {[%clk 0:03:21]} Rxd5 {[%clk 0:00:55]}
33. Re1 {[%clk 0:03:15]} Rde5 {[%clk 0:00:34]} 34. Rd1 {[%clk 0:02:01]} Re2
{[%clk 0:00:32]} 35. Bd4 {[%clk 0:02:13]} Re1 {[%clk 0:00:45]} 36. Kc1 {[%clk
0:02:03]} Bxh4 {[%clk 0:00:31]} 37. Bc3 {[%clk 0:01:02]} Bg5+ {[%clk 0:00:36]}
38. Bd2 {[%clk 0:01:26]} d5 {[%clk 0:00:44]} 39. Rb4 {[%clk 0:01:24]} Rc8+
{[%clk 0:01:02]} 0-1

[Event "Deutsche Ländermeisterschaft 2018"]
[Site "Würzburg GER"]
[Date "2018.10.03"]
[Round "1"]
[White "Abele, Anais"]
[Black "Farokhi, Keyvan"]
[Result "0-1"]
[Termination "normal"]
[Board "4.6"]
[WhiteElo "1679"]
[BlackElo "1855"]
[WhiteClock "00:19:56"]
[BlackClock "00:30:04"]
[WhiteTeam "SG Bremen / Niedersachsen"]
[BlackTeam "Schleswig-Holstein"]
[PlyCount "103"]
[WhiteFideId "16208927"]
[BlackFideId "12998630"]
[EventCountry "GER"]
[EventRounds "7"]
[EventType "team-swiss"]
[EventDate "2018.10.02"]

1. e4 {[%clk 1:30:58]} e5 {[%clk 1:30:43]} 2. Nf3 {[%clk 1:30:58]} Nc6 {[%clk
1:31:02]} 3. Nc3 {[%clk 1:30:31]} Nf6 {[%clk 1:31:13]} 4. d4 {[%clk 1:29:48]}
exd4 {[%clk 1:31:28]} 5. Nxd4 {[%clk 1:29:55]} Bb4 {[%clk 1:31:40]} 6. Nxc6
{[%clk 1:28:54]} bxc6 {[%clk 1:31:59]} 7. Bd3 {[%clk 1:27:51]} d5 {[%clk
1:32:06]} 8. exd5 {[%clk 1:26:39]} O-O {[%clk 1:31:18]} 9. O-O {[%clk 1:24:12]}
cxd5 {[%clk 1:31:28]} 10. Bg5 {[%clk 1:21:58]} c6 {[%clk 1:30:17]} 11. Qf3
{[%clk 1:18:41]} Be7 {[%clk 1:28:28]} 12. Rfe1 {[%clk 1:14:00]} Be6 {[%clk
1:22:41]} 13. h3 {[%clk 1:08:42]} Rb8 {[%clk 1:08:28]} 14. Reb1 {[%clk
0:55:55]} c5 {[%clk 0:52:43]} 15. Bf5 {[%clk 0:45:55]} d4 {[%clk 0:45:17]} 16.
Ne2 {[%clk 0:26:55]} Bd5 {[%clk 0:39:25]} 17. Qd3 {[%clk 0:23:50]} h6 {[%clk
0:38:47]} 18. Bh4 {[%clk 0:21:34]} g6 {[%clk 0:26:06]} 19. Bg4 {[%clk 0:13:34]}
Nxg4 {[%clk 0:26:10]} 20. Bxe7 {[%clk 0:13:34]} Nxf2 {[%clk 0:23:28]} 21. Bxd8
{[%clk 0:11:28]} Nxd3 {[%clk 0:23:49]} 22. Be7 {[%clk 0:10:33]} Rfe8 {[%clk
0:24:12]} 23. cxd3 {[%clk 0:09:51]} Rxe7 {[%clk 0:24:26]} 24. Nf4 {[%clk
0:09:53]} Be6 {[%clk 0:21:11]} 25. Nxe6 {[%clk 0:08:53]} Rxe6 {[%clk 0:21:37]}
26. b3 {[%clk 0:08:36]} Re3 {[%clk 0:21:29]} 27. Rd1 {[%clk 0:08:41]} Rbe8
{[%clk 0:18:19]} 28. Rd2 {[%clk 0:07:21]} Re2 {[%clk 0:17:18]} 29. Rad1 {[%clk
0:07:01]} Kg7 {[%clk 0:16:28]} 30. Kf1 {[%clk 0:06:12]} R2e3 {[%clk 0:16:44]}
31. Rc2 {[%clk 0:05:42]} R8e5 {[%clk 0:15:40]} 32. Kf2 {[%clk 0:04:49]} Kf6
{[%clk 0:15:26]} 33. a3 {[%clk 0:04:04]} Kg5 {[%clk 0:13:50]} 34. b4 {[%clk
0:03:45]} cxb4 {[%clk 0:13:50]} 35. axb4 {[%clk 0:03:55]} Rf5+ {[%clk 0:12:47]}
36. Kg1 {[%clk 0:04:08]} Kh4 {[%clk 0:12:53]} 37. Rf2 {[%clk 0:03:11]} Kg3
{[%clk 0:12:39]} 38. Rxf5 {[%clk 0:02:42]} gxf5 {[%clk 0:13:01]} 39. Kf1 {[%clk
0:02:39]} f4 {[%clk 0:10:14]} 40. Ra1 {[%clk 0:01:38]} Re7 {[%clk 0:07:59]} 41.
Ra6 {[%clk 0:28:11]} Rb7 {[%clk 0:35:32]} 42. Rxh6 {[%clk 0:26:36]} Rxb4 {[%clk
0:35:55]} 43. Rf6 {[%clk 0:25:26]} Rb1+ {[%clk 0:30:25]} 44. Ke2 {[%clk
0:24:33]} Rb2+ {[%clk 0:30:47]} 45. Kf1 {[%clk 0:22:56]} Rf2+ {[%clk 0:30:22]}
46. Ke1 {[%clk 0:22:28]} Rxg2 {[%clk 0:29:46]} 47. Rxf7 {[%clk 0:22:13]} Ra2
{[%clk 0:28:43]} 48. h4 {[%clk 0:20:53]} f3 {[%clk 0:28:54]} 49. h5 {[%clk
0:20:00]} f2+ {[%clk 0:29:15]} 50. Kf1 {[%clk 0:19:43]} Ra1+ {[%clk 0:29:39]}
51. Ke2 {[%clk 0:19:56]} Re1+ {[%clk 0:30:04]} 52. Kxe1 0-1

[Event "Deutsche Ländermeisterschaft 2018"]
[Site "Würzburg GER"]
[Date "2018.10.03"]
[Round "1"]
[White "Mundt, Alexandra"]
[Black "Weidenhöfer, Max"]
[Result "0-1"]
[Termination "normal"]
[Board "4.7"]
[WhiteElo "1679"]
[BlackElo "1580"]
[WhiteClock "01:31:41"]
[BlackClock "01:31:42"]
[WhiteTeam "Schleswig-Holstein"]
[BlackTeam "SG Bremen / Niedersachsen"]
[PlyCount "97"]
[WhiteFideId "16217276"]
[BlackFideId "16230566"]
[EventCountry "GER"]
[EventRounds "7"]
[EventType "team-swiss"]
[EventDate "2018.10.02"]

1. Nf3 {[%clk 1:31:00]} d5 {[%clk 1:31:27]} 2. d4 {[%clk 1:31:13]} e6 {[%clk
1:31:51]} 3. c4 {[%clk 1:31:24]} c6 {[%clk 1:31:53]} 4. Nc3 {[%clk 1:31:41]} f5
{[%clk 1:31:42]} 5. b3 Nf6 6. Bb2 Bd6 7. e3 O-O 8. g3 Ne4 9. a3 Bd7 10. Bg2 Be8
11. O-O Bh5 12. Qc2 Nd7 13. c5 Bc7 14. b4 Qf6 15. a4 a6 16. Rab1 g5 17. Ba1
Bxf3 18. Bxf3 g4 19. Bg2 h5 20. b5 Rf7 21. bxc6 bxc6 22. Rb7 Nb8 23. Rfb1 Qd8
24. Ne2 Rh7 25. Nf4 Ng5 26. Qe2 Kf8 27. f3 Ke8 28. Bc3 Nd7 29. Nd3 Nf6 30. Ne5
Bxe5 31. dxe5 Nd7 32. f4 Nxc5 33. Rxh7 Nxh7 34. Bd4 Nd7 35. h3 c5 36. Bc3 c4
37. hxg4 hxg4 38. e4 Nc5 39. exf5 exf5 40. Qc2 Ne4 41. Bxe4 dxe4 42. Rb7 Nf8
43. a5 Qd3 44. Qxd3 cxd3 45. Kf2 Rc8 46. Bd2 Rc2 47. Ke3 Ne6 48. Bb4 Re2# 49.
Kd4 0-1

[Event "Deutsche Ländermeisterschaft 2018"]
[Site "Würzburg GER"]
[Date "2018.10.03"]
[Round "1"]
[White "Herbrig, Alexander"]
[Black "Richter, Leonard"]
[Result "1-0"]
[Termination "normal"]
[Board "5.1"]
[WhiteElo "2277"]
[BlackElo "2322"]
[WhiteClock "00:40:38"]
[BlackClock "00:01:46"]
[WhiteTeam "Sachsen 2"]
[BlackTeam "Sachsen 1"]
[PlyCount "142"]
[WhiteFideId "12952044"]
[BlackFideId "12900290"]
[EventCountry "GER"]
[EventRounds "7"]
[EventType "team-swiss"]
[EventDate "2018.10.02"]

1. d4 {[%clk 1:30:30]} Nf6 {[%clk 1:30:52]} 2. Nf3 {[%clk 1:31:22]} g6 {[%clk
1:31:17]} 3. Bg5 {[%clk 1:31:47]} Ne4 {[%clk 1:29:59]} 4. Bf4 {[%clk 1:32:05]}
Bg7 {[%clk 1:27:36]} 5. Nbd2 {[%clk 1:32:09]} d5 {[%clk 1:25:14]} 6. e3 {[%clk
1:30:27]} Bf5 {[%clk 1:18:29]} 7. c4 {[%clk 1:24:45]} dxc4 {[%clk 1:15:15]} 8.
Bxc4 {[%clk 1:24:11]} O-O {[%clk 1:14:57]} 9. Qb3 {[%clk 1:22:18]} Nxd2 {[%clk
1:10:33]} 10. Nxd2 {[%clk 1:21:45]} Nd7 {[%clk 1:04:10]} 11. e4 {[%clk
1:13:55]} e5 {[%clk 0:57:36]} 12. dxe5 {[%clk 1:13:37]} Be6 {[%clk 0:57:13]}
13. Qc3 {[%clk 1:08:54]} Bxc4 {[%clk 0:35:15]} 14. Nxc4 {[%clk 1:08:09]} Qh4
{[%clk 0:34:35]} 15. g3 {[%clk 1:02:45]} Qh3 {[%clk 0:30:48]} 16. O-O-O {[%clk
0:58:51]} Rfe8 {[%clk 0:29:47]} 17. Qd4 {[%clk 0:51:04]} Qe6 {[%clk 0:24:31]}
18. Qxd7 {[%clk 0:43:02]} Qxc4+ {[%clk 0:24:56]} 19. Kb1 {[%clk 0:42:58]} Qxe4+
{[%clk 0:23:53]} 20. Ka1 {[%clk 0:43:18]} Bxe5 {[%clk 0:21:56]} 21. f3 {[%clk
0:36:36]} Qe2 {[%clk 0:14:45]} 22. Bxe5 {[%clk 0:35:34]} Qxe5 {[%clk 0:14:48]}
23. f4 {[%clk 0:34:33]} Qe7 {[%clk 0:13:24]} 24. f5 {[%clk 0:34:41]} Rad8
{[%clk 0:07:39]} 25. Qxe7 {[%clk 0:34:40]} Rxd1+ {[%clk 0:08:02]} 26. Rxd1
{[%clk 0:35:05]} Rxe7 {[%clk 0:08:28]} 27. f6 {[%clk 0:35:22]} Re8 {[%clk
0:08:54]} 28. a3 {[%clk 0:34:26]} h5 {[%clk 0:08:46]} 29. Rd7 {[%clk 0:29:22]}
Re1+ {[%clk 0:08:10]} 30. Ka2 {[%clk 0:29:44]} Rc1 {[%clk 0:08:38]} 31. Rd8+
{[%clk 0:29:54]} Kh7 {[%clk 0:08:56]} 32. Rf8 {[%clk 0:30:19]} g5 {[%clk
0:08:11]} 33. Rxf7+ {[%clk 0:30:30]} Kg6 {[%clk 0:08:36]} 34. Rf8 {[%clk
0:30:31]} Rf1 {[%clk 0:04:26]} 35. Rg8+ {[%clk 0:29:31]} Kh6 {[%clk 0:03:53]}
36. Rg7 {[%clk 0:27:34]} Rxf6 {[%clk 0:04:01]} 37. Rxc7 {[%clk 0:27:54]} Rb6
{[%clk 0:04:21]} 38. h4 {[%clk 0:27:31]} g4 {[%clk 0:03:23]} 39. a4 {[%clk
0:25:49]} Kg6 {[%clk 0:02:49]} 40. Ka3 {[%clk 0:25:48]} Kf5 {[%clk 0:02:04]}
41. Re7 {[%clk 0:20:32]} a5 {[%clk 0:27:33]} 42. b3 {[%clk 0:48:59]} Rb4 {[%clk
0:16:37]} 43. Rh7 {[%clk 0:48:03]} Kg6 {[%clk 0:14:25]} 44. Rd7 {[%clk
0:47:40]} Kf5 {[%clk 0:08:38]} 45. Rd5+ {[%clk 0:46:53]} Ke4 {[%clk 0:09:03]}
46. Rxa5 {[%clk 0:46:47]} Rd4 {[%clk 0:09:22]} 47. Rxh5 {[%clk 0:46:12]} Kf3
{[%clk 0:09:33]} 48. Rh7 {[%clk 0:45:47]} b6 {[%clk 0:09:13]} 49. Rh6 {[%clk
0:45:39]} Kxg3 {[%clk 0:08:51]} 50. Rxb6 {[%clk 0:45:59]} Kh2 {[%clk 0:06:30]}
51. Rg6 {[%clk 0:44:56]} g3 {[%clk 0:06:47]} 52. h5 {[%clk 0:45:18]} g2 {[%clk
0:06:32]} 53. a5 {[%clk 0:44:33]} g1=Q {[%clk 0:02:58]} 54. Rxg1 {[%clk
0:44:57]} Kxg1 {[%clk 0:03:25]} 55. b4 {[%clk 0:44:56]} Kf2 {[%clk 0:03:01]}
56. a6 {[%clk 0:43:45]} Ke3 {[%clk 0:02:03]} 57. a7 {[%clk 0:42:46]} Rd8 {[%clk
0:01:43]} 58. b5 {[%clk 0:42:59]} Kd4 {[%clk 0:01:54]} 59. b6 {[%clk 0:43:15]}
Kc3 {[%clk 0:02:03]} 60. Ka4 {[%clk 0:39:38]} Kc4 {[%clk 0:02:02]} 61. Ka5
{[%clk 0:39:07]} Kc5 {[%clk 0:01:06]} 62. Ka6 {[%clk 0:39:24]} Rf8 {[%clk
0:01:07]} 63. h6 {[%clk 0:39:09]} Rh8 {[%clk 0:00:52]} 64. h7 {[%clk 0:39:19]}
Rf8 {[%clk 0:01:17]} 65. b7 {[%clk 0:38:52]} Rf6+ {[%clk 0:01:17]} 66. Ka5
{[%clk 0:39:09]} Rf2 {[%clk 0:01:40]} 67. Ka4 {[%clk 0:39:33]} Kc4 {[%clk
0:01:59]} 68. Ka3 {[%clk 0:39:53]} Rf3+ {[%clk 0:02:24]} 69. Kb2 {[%clk
0:39:51]} Rf2+ {[%clk 0:02:35]} 70. Kc1 {[%clk 0:40:14]} Rf1+ {[%clk 0:01:46]}
71. Kd2 {[%clk 0:40:38]} Kd5 1-0

[Event "Deutsche Ländermeisterschaft 2018"]
[Site "Würzburg GER"]
[Date "2018.10.03"]
[Round "1"]
[White "Urban, Konstantin"]
[Black "Burian, Simon"]
[Result "1-0"]
[Termination "normal"]
[Board "5.2"]
[WhiteElo "2279"]
[BlackElo "2091"]
[WhiteClock "00:41:16"]
[BlackClock "00:17:36"]
[WhiteTeam "Sachsen 1"]
[BlackTeam "Sachsen 2"]
[PlyCount "119"]
[WhiteFideId "12927511"]
[BlackFideId "12956902"]
[EventCountry "GER"]
[EventRounds "7"]
[EventType "team-swiss"]
[EventDate "2018.10.02"]

1. e4 {[%clk 1:30:30]} c5 {[%clk 1:30:52]} 2. Nf3 {[%clk 1:31:20]} d6 {[%clk
1:31:05]} 3. d4 {[%clk 1:31:41]} cxd4 {[%clk 1:31:21]} 4. Nxd4 {[%clk 1:32:04]}
Nf6 {[%clk 1:31:44]} 5. Nc3 {[%clk 1:32:24]} a6 {[%clk 1:32:05]} 6. Bg5 {[%clk
1:32:44]} e6 {[%clk 1:31:34]} 7. f4 {[%clk 1:33:04]} Be7 {[%clk 1:31:35]} 8.
Qf3 {[%clk 1:24:20]} Qc7 {[%clk 1:30:55]} 9. O-O-O {[%clk 1:24:22]} Nbd7 {[%clk
1:29:39]} 10. Bd3 {[%clk 1:24:42]} h6 {[%clk 1:29:43]} 11. Bh4 {[%clk 1:25:00]}
g5 12. fxg5 {[%clk 1:25:05]} Ne5 {[%clk 1:28:38]} 13. Qe2 {[%clk 1:23:16]} Nfg4
{[%clk 1:27:56]} 14. Nf3 {[%clk 1:17:21]} Nxf3 {[%clk 1:25:33]} 15. gxf3 {[%clk
1:17:07]} hxg5 {[%clk 1:25:50]} 16. Bg3 {[%clk 1:16:56]} Ne5 {[%clk 1:25:51]}
17. f4 {[%clk 1:15:03]} gxf4 {[%clk 1:23:43]} 18. Bxf4 {[%clk 1:15:18]} Bd7
{[%clk 1:20:43]} 19. Rdf1 {[%clk 1:13:41]} Rh7 {[%clk 1:15:47]} 20. Rf2 {[%clk
1:06:59]} O-O-O {[%clk 1:11:45]} 21. Rhf1 {[%clk 1:03:06]} Bc6 {[%clk 1:07:29]}
22. Kb1 {[%clk 0:53:12]} Bh4 {[%clk 1:03:24]} 23. Rg2 {[%clk 0:52:26]} Qe7
{[%clk 0:59:40]} 24. Rgg1 {[%clk 0:44:34]} Rdh8 {[%clk 0:47:43]} 25. Qe3 {[%clk
0:41:22]} Kb8 {[%clk 0:43:10]} 26. Qd4 {[%clk 0:38:26]} Bf6 {[%clk 0:38:13]}
27. Be3 {[%clk 0:36:30]} Nd7 {[%clk 0:32:46]} 28. Qa7+ {[%clk 0:32:23]} Kc7
{[%clk 0:31:16]} 29. e5 {[%clk 0:32:06]} Bxe5 {[%clk 0:31:34]} 30. Bxh7 {[%clk
0:31:59]} Rxh7 {[%clk 0:31:50]} 31. Rg8 {[%clk 0:27:16]} Rg7 {[%clk 0:28:33]}
32. Qa8 {[%clk 0:25:44]} Rxg8 {[%clk 0:27:51]} 33. Qxg8 {[%clk 0:26:12]} f5
{[%clk 0:23:00]} 34. Bf4 {[%clk 0:23:18]} Nf6 {[%clk 0:21:10]} 35. Qg5 {[%clk
0:23:21]} Bxc3 {[%clk 0:15:59]} 36. bxc3 {[%clk 0:23:44]} Qf7 {[%clk 0:16:18]}
37. Rg1 {[%clk 0:23:25]} Ne4 {[%clk 0:16:12]} 38. Qg7 {[%clk 0:23:32]} Qxg7
{[%clk 0:16:31]} 39. Rxg7+ {[%clk 0:24:01]} Kb6 {[%clk 0:16:40]} 40. h4 {[%clk
0:21:06]} Be8 {[%clk 0:11:05]} 41. Re7 {[%clk 0:19:30]} Nxc3+ {[%clk 0:08:53]}
42. Kb2 {[%clk 0:19:07]} Nd5 {[%clk 0:08:28]} 43. Rxe8 {[%clk 0:18:48]} Nxf4
{[%clk 0:08:51]} 44. Rh8 {[%clk 0:19:05]} Kc5 {[%clk 0:02:21]} 45. h5 {[%clk
0:18:48]} Nxh5 {[%clk 0:02:04]} 46. Rxh5 {[%clk 0:19:14]} b5 {[%clk 0:02:08]}
47. Kc3 {[%clk 0:19:19]} d5 {[%clk 0:00:52]} 48. Kd3 {[%clk 0:16:51]} a5 {[%clk
0:25:07]} 49. a3 {[%clk 0:45:33]} d4 {[%clk 0:22:41]} 50. Rh4 {[%clk 0:45:27]}
e5 {[%clk 0:22:58]} 51. Rh5 {[%clk 0:45:51]} e4+ {[%clk 0:23:12]} 52. Kd2
{[%clk 0:45:29]} Kc4 {[%clk 0:22:28]} 53. Rxf5 {[%clk 0:45:49]} e3+ {[%clk
0:19:24]} 54. Ke2 {[%clk 0:46:08]} a4 {[%clk 0:19:22]} 55. Rh5 {[%clk 0:40:38]}
b4 {[%clk 0:18:14]} 56. axb4 {[%clk 0:41:03]} Kxb4 {[%clk 0:18:27]} 57. Kd3
{[%clk 0:41:05]} a3 {[%clk 0:17:52]} 58. Kxd4 {[%clk 0:41:11]} e2 {[%clk
0:17:47]} 59. Rh1 {[%clk 0:41:16]} a2 {[%clk 0:17:36]} 60. Ke4 1-0

[Event "Deutsche Ländermeisterschaft 2018"]
[Site "Würzburg GER"]
[Date "2018.10.03"]
[Round "1"]
[White "Lutz, Ruben"]
[Black "Wong, Gengchun"]
[Result "0-1"]
[Termination "normal"]
[Board "5.3"]
[WhiteElo "2043"]
[BlackElo "2194"]
[WhiteClock "00:01:18"]
[BlackClock "00:17:31"]
[WhiteTeam "Sachsen 2"]
[BlackTeam "Sachsen 1"]
[PlyCount "140"]
[WhiteFideId "12975974"]
[BlackFideId "12963283"]
[EventCountry "GER"]
[EventRounds "7"]
[EventType "team-swiss"]
[EventDate "2018.10.02"]

1. d4 {[%clk 1:30:30]} b5 {[%clk 1:30:30]} 2. Bf4 {[%clk 1:30:56]} Nf6 {[%clk
1:31:02]} 3. e3 {[%clk 1:31:02]} Bb7 {[%clk 1:31:12]} 4. Nd2 {[%clk 1:30:03]}
e6 {[%clk 1:28:24]} 5. Ngf3 {[%clk 1:29:34]} a6 {[%clk 1:28:32]} 6. h3 {[%clk
1:27:07]} c5 {[%clk 1:23:25]} 7. c3 {[%clk 1:26:07]} d5 {[%clk 1:22:44]} 8. Bd3
{[%clk 1:24:13]} Bd6 {[%clk 1:21:22]} 9. Ne5 {[%clk 1:12:50]} Nc6 {[%clk
1:12:47]} 10. Nxc6 {[%clk 1:10:45]} Bxc6 {[%clk 1:13:07]} 11. Bxd6 {[%clk
1:10:14]} Qxd6 {[%clk 1:13:32]} 12. dxc5 {[%clk 1:02:52]} Qxc5 {[%clk 1:13:52]}
13. Qe2 {[%clk 1:01:16]} O-O {[%clk 1:08:48]} 14. O-O {[%clk 1:01:03]} Rad8
{[%clk 1:07:32]} 15. Rfd1 {[%clk 0:53:20]} Rfe8 {[%clk 0:50:33]} 16. e4 {[%clk
0:43:25]} e5 {[%clk 0:49:29]} 17. Qf3 {[%clk 0:20:39]} Qe7 {[%clk 0:45:00]} 18.
Re1 {[%clk 0:12:48]} g6 {[%clk 0:35:14]} 19. g3 {[%clk 0:08:26]} Kg7 20. Rad1
{[%clk 0:06:05]} Bd7 {[%clk 0:23:37]} 21. Bf1 {[%clk 0:04:25]} Bc6 {[%clk
0:23:17]} 22. Bd3 {[%clk 0:03:07]} Bb7 {[%clk 0:22:44]} 23. Qe2 {[%clk
0:02:33]} Bc8 {[%clk 0:20:49]} 24. Kh2 {[%clk 0:02:14]} h5 {[%clk 0:21:03]} 25.
exd5 {[%clk 0:02:08]} h4 {[%clk 0:19:13]} 26. Nf3 {[%clk 0:00:53]} hxg3+ {[%clk
0:19:10]} 27. fxg3 {[%clk 0:01:19]} Rxd5 {[%clk 0:19:31]} 28. c4 {[%clk
0:01:22]} bxc4 {[%clk 0:19:02]} 29. Bxc4 {[%clk 0:01:46]} Rxd1 {[%clk 0:19:29]}
30. Rxd1 {[%clk 0:02:03]} Rh8 {[%clk 0:19:48]} 31. Qxe5 {[%clk 0:01:52]} Qa7
{[%clk 0:15:06]} 32. Qd4 {[%clk 0:01:38]} Qxd4 {[%clk 0:15:00]} 33. Rxd4 {[%clk
0:01:49]} Rxh3+ {[%clk 0:14:19]} 34. Kg2 {[%clk 0:02:16]} Rh5 {[%clk 0:14:13]}
35. b3 {[%clk 0:02:07]} Bb7 {[%clk 0:13:35]} 36. Rf4 {[%clk 0:00:56]} g5 {[%clk
0:12:52]} 37. g4 {[%clk 0:00:39]} Rh4 {[%clk 0:13:07]} 38. Rd4 {[%clk 0:00:37]}
Nxg4 {[%clk 0:11:12]} 39. Bxa6 {[%clk 0:00:37]} Ne3+ {[%clk 0:05:23]} 40. Kf2
{[%clk 0:01:02]} Rxd4 {[%clk 0:05:46]} 41. Nxd4 {[%clk 0:01:25]} Nd1+ {[%clk
0:06:08]} 42. Ke1 {[%clk 0:00:36]} Bxa6 {[%clk 0:06:33]} 43. Kxd1 {[%clk
0:01:01]} Kf6 {[%clk 0:06:18]} 44. Kd2 {[%clk 0:28:40]} Ke5 {[%clk 0:33:25]}
45. Ke3 {[%clk 0:28:30]} f5 {[%clk 0:31:26]} 46. Nc6+ {[%clk 0:19:01]} Kf6
{[%clk 0:29:37]} 47. Nb4 {[%clk 0:19:08]} Bb7 {[%clk 0:30:00]} 48. Nd3 {[%clk
0:19:25]} Ke7 {[%clk 0:25:57]} 49. a4 {[%clk 0:12:45]} Bc6 {[%clk 0:22:55]} 50.
a5 {[%clk 0:07:28]} Kd6 {[%clk 0:21:25]} 51. a6 {[%clk 0:06:49]} Kc7 {[%clk
0:20:54]} 52. Ne5 {[%clk 0:01:55]} f4+ {[%clk 0:18:45]} 53. Ke2 {[%clk
0:01:20]} Ba8 {[%clk 0:17:59]} 54. b4 {[%clk 0:00:48]} Kb6 {[%clk 0:17:39]} 55.
Ng4 {[%clk 0:00:42]} Kxa6 {[%clk 0:17:52]} 56. Nf6 {[%clk 0:00:33]} Kb5 {[%clk
0:17:26]} 57. Nh7 {[%clk 0:00:56]} g4 {[%clk 0:17:52]} 58. Nf6 {[%clk 0:01:20]}
g3 {[%clk 0:15:26]} 59. Nh5 {[%clk 0:01:44]} f3+ {[%clk 0:15:43]} 60. Kf1
{[%clk 0:02:07]} g2+ {[%clk 0:16:08]} 61. Kf2 {[%clk 0:02:22]} Kxb4 {[%clk
0:16:26]} 62. Nf4 {[%clk 0:01:39]} Kc4 {[%clk 0:16:36]} 63. Kg1 {[%clk
0:00:36]} Kd4 {[%clk 0:16:53]} 64. Nh3 {[%clk 0:00:42]} Ke3 {[%clk 0:17:02]}
65. Nf2 {[%clk 0:00:55]} Ke2 {[%clk 0:17:07]} 66. Nh3 {[%clk 0:00:58]} Bb7
{[%clk 0:17:27]} 67. Nf2 {[%clk 0:01:20]} Bc8 {[%clk 0:16:30]} 68. Ne4 {[%clk
0:01:44]} Bf5 {[%clk 0:16:48]} 69. Nf2 {[%clk 0:00:54]} Ke1 {[%clk 0:17:12]}
70. Kh2 {[%clk 0:01:18]} Kf1 {[%clk 0:17:31]} 0-1